Central Library OPAC University of Rajshahi

Olduvai Gorge / (Record no. 12712)

MARC details
000 -LEADER
fixed length control field 01698nam a2200373I 4500
001 - CONTROL NUMBER
control field 12712
003 - CONTROL NUMBER IDENTIFIER
rucl marc code BD-RjUL
005 - DATE AND TIME OF LATEST TRANSACTION
control field 20211208235338.0
008 - FIXED-LENGTH DATA ELEMENTS--GENERAL INFORMATION
fixed length control field 720713s1967 enkao b 001 0 eng
035 ## - SYSTEM CONTROL NUMBER
System control number MITb10480638
System control number (BD-RjUL)12762
System control number GLIS00480638
040 ## - CATALOGING SOURCE
Original cataloging agency DLC
Transcribing agency AKR
Modifying agency SER
-- OCL
-- XBM
-- RCD
-- BD-RjUL
Language of cataloging eng
041 ## - LANGUAGE CODE
Language code of text/sound track or separate title eng
082 ## - DEWEY DECIMAL CLASSIFICATION NUMBER
Classification number 569.096782
Author mark and year OLD 1967
Edition number 23
090 ## - LOCALLY ASSIGNED LC-TYPE CALL NUMBER (OCLC); LOCAL CALL NUMBER (OCLC)
Classification number (OCLC) (R) ; Classification number, CALL (RLIN) (NR) GN776.T3
Local cutter number (OCLC) ; Book number/undivided call number, CALL (RLIN) L435
099 ## - LOCAL FREE-TEXT CALL NUMBER (OCLC)
Bangla Class number GN776.T3.L435
245 00 - TITLE STATEMENT
Title Olduvai Gorge /
Statement of responsibility, etc. edited by L. S. B. Leakey.
Name of part/section of a work
260 ## - PUBLICATION, DISTRIBUTION, ETC. (IMPRINT)
Place of publication, distribution, etc. Cambridge [England] :
Name of publisher, distributor, etc. University Press ,
Date of publication, distribution, etc. c1967.
300 ## - PHYSICAL DESCRIPTION
Pagination V. p. :
Illustrations ill. ;
Size 28 cm.
500 ## - GENERAL NOTE
General note Vol. 4- has imprint: Cambridge [England] ; New York : Cambridge University Press.
504 ## - BIBLIOGRAPHY, ETC. NOTE
Bibliography, etc Includes bibliographical references and indexes.
505 1# - FORMATTED CONTENTS NOTE
Formatted contents note v. 1. A preliminary report on the geology and fauna / by L.S.B. Leakey, with contributions by P.M. Butler ... [et al.] -- v. 2. The cranium and maxillary dentition of Australopithecus (Zinjanthropus) Boisei / by P.V. Tobias -- v. 3. Excavations in beds I and II, 1960-1963 / by M.D. Leakey -- v. 4. The skulls, endocasts and teeth of Homo habilis / by P.V. Tobias. 2 pts.
650 #0 - SUBJECT ADDED ENTRY--TOPICAL TERM
Topical term or geographic name as entry element Stone age
Geographic subdivision Tanzania
-- Olduvai Gorge.
9 (RLIN) 39586
Topical term or geographic name as entry element Paleontology
Geographic subdivision Tanzania
-- Olduvai Gorge.
9 (RLIN) 39587
Topical term or geographic name as entry element Fossil hominids
Geographic subdivision Tanzania
-- Olduvai Gorge.
9 (RLIN) 39588
651 #0 - SUBJECT ADDED ENTRY--GEOGRAPHIC NAME
Geographic name Olduvai Gorge (Tanzania)
General subdivision Antiquities.
9 (RLIN) 39589
Geographic name Tanzania
General subdivision Antiquities.
9 (RLIN) 39590
700 1# - ADDED ENTRY--PERSONAL NAME
Personal name Leakey, L. S. B.
Fuller form of name (Louis Seymour Bazett),
Dates associated with a name 1903-1972.
Personal name Leakey, Mary D.
Fuller form of name (Mary Douglas),
Dates associated with a name 1913-1996.
Personal name Tobias, Phillip V.
942 ## - ADDED ENTRY ELEMENTS (KOHA)
Source of classification or shelving scheme Dewey Decimal Classification
Koha item type Books
Holdings
Lost status Source of classification or shelving scheme Damaged status Not for loan Collection code Permanent Location Current Location Shelving location Date acquired Source of acquisition Cost, normal purchase price Total Checkouts Full call number Date last seen Copy number Koha item type
  Dewey Decimal Classification   Not For Loan Non-fiction Central Library, University of Rajshahi Central Library, University of Rajshahi Reading Room 03/08/1982 Helfers 42.00   569.096782 OLD V-2 1967 29/01/2014 C-1 Books
  Dewey Decimal Classification   Not For Loan Non-fiction Central Library, University of Rajshahi Central Library, University of Rajshahi Reading Room 03/08/1982 Heffers 55.00   569.096782 OLD V-3 1971 29/05/2017 C-1 Books
  Dewey Decimal Classification   Not For Loan Non-fiction Central Library, University of Rajshahi Central Library, University of Rajshahi Reading Room 03/08/1982 Heffers 30.00   569.096782 OLD V-1 1967 29/05/2017 C-1 Books